00424nam a22001337a 4500952014300000999001700143020001800160082002000178100002000198245001400218260003700232300001400269942000700283 001040708FICaMESbMEScMALd2021-04-07g225.00l32m10o894.8123 GAN/Kp40999r2026-01-12 12:49:32s2026-01-08w2021-04-07yBKzGR25R2 c41228d41228 a9788192828909 a894.8123bGAN/K aGanesh, Sunitha aKarimashi aCalicut:bHaritham Books,c2018. a210 pages cBK